| 000 | 01687nab a22002777a 4500 | ||
|---|---|---|---|
| 999 |
_c6347 _d6347 |
||
| 003 | OSt | ||
| 005 | 20260130223749.0 | ||
| 008 | 190603e xxum|||| |||| 00| 0 spa d | ||
| 040 | _cPJ | ||
| 100 |
_97006 _aGrondona, Paula |
||
| 245 | 1 | 3 |
_aLos activos y contenidos digitales ¿son transmisibles mortis causa? un análisis desde el derecho sucesorio : _bel necesario marco regulatorio y la importancia de la planificación / _cPaula Grondona. |
| 260 |
_cCiudad Autónoma de Buenos Aires : _aThomson Reuters La Ley, _b2025. |
||
| 300 | _ap. 5-17 | ||
| 500 | _aCita: TR LALEY AR/DOC/2934/2025 Publicado en: RCCyC 2025 (Diciembre). | ||
| 505 | _aSumario: I. Introducción.— II. Los activos y contenidos digitales.— III. La regulación de los derechos personalísimos de las personas luego de su fallecimiento en el Cód. Civ. y Com.— IV. Principales tensiones con relación a los contenidos digitales post mortem.— V. Ideas preliminares para un futuro marco regulatorio.— VI. La importancia de la planificación "digital" sobre los activos y contenidos digitales luego del fallecimiento.— VII. Palabras de cierre. | ||
| 505 | _t¿Te interesa el texto completo? Solicitalo al correo: koha@justierradelfuego.gov.ar | ||
| 650 | 0 |
_91497 _aCODIGO CIVIL Y COMERCIAL |
|
| 650 | 0 |
_9888 _aSUCESIONES |
|
| 650 | 0 |
_9765 _aDERECHOS PERSONALÍSIMOS |
|
| 650 | 0 |
_91084 _aHEREDEROS |
|
| 650 | 0 |
_95557 _aDERECHO A LA IMAGEN |
|
| 650 | 0 |
_92724 _aDERECHO A LA INTIMIDAD |
|
| 650 | 0 |
_95817 _aINTELIGENCIA ARTIFICIAL |
|
| 773 | 0 |
_02713 _93170 _dCiudad Autónoma de Buenos Aires : Thomson Reuters La Ley, 2015- _tRevista Código Civil y Comercial. Nº 6 - Diciembre 2025 |
|
| 942 |
_2udc _cANA |
||